000 00451nam a2200169Ia 4500
008 240729s9999 xx 000 0 und d
022 _a1875-5941
245 0 _aVeterinary Quarterly
260 _aUnited Kingdom
260 _bTaylor & Francis Group
650 _a Animal culture
650 _a Veterinary medicine
650 _aAgriculture
856 _uhttps://doaj.org/toc/0eaf5ac1566344ceb32fe7ba10a9364c
942 _2ddc
942 _cDOAJEJ
999 _c74440
_d74440
945 _a1
_bMadushi Gamage
_c1
_dMadushi Gamage